000 01828nam0a2200349 4500
001 RU\NLR\bibl\74302
005 20260407100042.0
021 _aRU
_b1999-43690
_92150
035 _a(NLR Aleph) 000072506
090 _a400510
_c400510
100 _a20000313d1997 |||y0rusy50 ca
101 0 _arus
102 _aRU
105 _ay |||||||||
200 1 _aОрганизация деятельности коммерческих банков
_eУчеб. пособие
_f[Е.Б. Солохина, В.В. Грицаенко, И.В. Кобринская и др.
_gПод ред. проф. Ю.В. Рожкова]
_gМ-во общ. и проф. образования Рос. Федерации, Хабар. гос. акад. экономики и права
210 _aХабаровск
_cХГАЭП
_d1997
215 _a395 с.
_d20
320 _aБиблиогр.: с. 391-392 (35 назв.)
606 0 _aКоммерческие банки
_jРуководства, пособия и т.п. для высшей школы
_yРоссийская Федерация
_91490415
_3RU\NLR\auth\66640614
606 0 _aКоммерческие банки
_jУчебные издания для высшей школы
_yРоссийская Федерация
_91490415
_3RU\NLR\auth\66640614
686 _aУ26(2)210.1я73
701 1 _aСолохина
_bЕ. Б.
_4070
701 1 _aГрицаенко
_bВ. В.
_4070
701 1 _aКобринская
_bИ. В.
_4070
702 1 _aРожков
_bЮ. В.
_gЮрий В
_4340
712 0 2 _4570
_aХабаровская государственная академия экономики и права
_3RU\NLR\AUTH\889925966
_9347737
801 0 _aRU
_bNLR
_c20000313
_gPSBO
801 1 _aRU
_bNLR
_c20000313
852 _aNLR
_j99-3/20388
942 _cBOOK
980 _aNB